MDQL
is popping MORE tags! Check the
thread
!
Quizzes
Events
Quiz Creation
Community
Videos
Private Events
Remove Ads
Sign In
Join for FREE
Feedback
Dark Mode
Quiz Categories
Sports
Geography
Music
Movies
Television
Just For Fun
Miscellaneous
History
Literature
Language
Science
Gaming
Entertainment
Religion
Holiday
For Kids
Quiz Lab
Recent
Popular Today
Quiz Kudos Today
Editor Picks
Curator Picks
Quizzes by...
Day
Popularity
Type
Ratings
Length
Year
Community
Subscriptions
Recent Discussions
Orange Saloon
Badges
Playlists
Quests
Create
Leaderboards
Showdown
Live 5
Trivia Bingo
Activity
Puzzle Library
Sporcle Events
Private Events
Virtual Trivia
Globe League
Become a Host
Pub Owners
SporcleCon
Opinionation
Our Games
Videos
Blog
Mobile Apps
Partnerships
Remove Ads and Go Orange
Feedback
Literature
Harry Potter
A Song of Ice and Fire
The Hunger Games
Literary Character
Shakespeare
Book
Author
Novel
Poem
Young Adult
Children's Books
Play
Lord of the Rings
Literature
Harry Potter
A Song of Ice and Fire
The Hunger Games
Literary Character
Shakespeare
Book
Author
Novel
Poem
Young Adult
Children's Books
Play
Lord of the Rings
Random Quiz
Search Sporcle
×
Quiz Lab
Quiz Lab
Literature
Obrian
Type in answers that appear in a list
Type in answers that appear in a list
Classic
Best Score? Go Orange.
Jack Aubrey's Ships Stats
Can you name the ships Jack Aubrey commanded in Patrick O'Brian's Aubrey/Maturin series of novels?
By
Scyphus
5m
14 Questions
627 Plays
627 Plays
627 Plays
Comments
Comments
Give Quiz Kudos
Give Quiz Kudos
-
- Ratings
hide this ad
More Info
Replay
Link that replays current quiz
Next Quiz
Link to next quiz in quiz playlist
You Got
0%
They Got
Avg Score
61%
Avg Friend Score
Upgrade to see
Score Distribution
Jump to the score distribution portion of the page
Score
0/14
Timer
05:00
0
Plays Today
Rating
Ship
% Correct
28-
gun Frigate
HMS Surprise
98.1%
14-
gun Brig
HMS Sophie
96.5%
50-
gun Ship of the line
HMS Leopard
81%
24-
gun Ship-
sloop
HMS Polychrest
76.4%
20-
gun Frigate
HMS Nutmeg of Consolation
71.5%
38-
gun Frigate
HMS Lively
65.1%
74-
gun Ship of the line
HMS Worcester
54.9%
Rating
Ship
% Correct
32-
gun Frigate
HMS Diane
51.7%
38-
gun Frigate
HMS Boadicea
49.3%
16-
gun Ship-
sloop
HMS Ariel
46.9%
64-
gun Ship of the line
HMS Raisonable
44.2%
74-
gun Ship of the line
HMS Bellona
43.4%
16-
gun Ship-
sloop
HEI Niobe
39.6%
38-
gun Frigate
HMS Pomone
37.2%
Quiz Playlist
Details
Report
Send in Message
Add To Playlist
More Info:
Answers are taken only from the 20 finished novels. Guns listed are from the ships' ratings, not their actual complement.
Classic:
Type in answers that appear in a list
Last Updated: Feb 16, 2017
Quiz Scoreboard
CHALLENGE
Sign Up to Join the Scoreboard
Show All
Scores
Hide
Comments
May contain spoilers
Recently Published
Image Sorting: Flags VI
by Barbecue
Geography
2m
Find the 'City' Movie
by crazypaving
Movies
60s
Colored Red Africa Blitz
by spor1
Geography
45s
More to Explore
Quiz From the Vault
Featured Blog Post
14 Easter Pick-up Lines to Find Eggs With
hide this ad
You Might Also Like...
Tags
Obrian
Today's Top Quizzes in Literature
Browse Literature
hide this ad
Top Contributed Quizzes in Literature
1
Sneaky Slytherin Logic Puzzle
2
Harry Potter logic puzzle: The Hogwarts Soap Opera
3
Get The Picture: Black or White Literature
4
Harry Potter Slytherin Logic Puzzle
5
'Middle' Earth
6
ASOIAF Siblings Logic Puzzle
7
Logic Puzzle: Avoid Dumbledore's Army
8
A Song of Ice and Fire Logic Puzzle
9
Harry Potter Logic Puzzle 1
10
Quick Pick: Easter in Book Titles
Explore More
Trending Topics
Kpop
Marvel
Disney
Anime
NBA
Harry Potter
Crossword
Song
The Office
WWE
Pokémon
Country
NFL
Puzzle
Soccer
hide this ad
More By:
Scyphus
Quiz
Plays
Rating
Category
Featured
Created
Union Cities (1860)
91,328
4.33
History
Nov 9, 2009
U.S. Slave Population (1860)
4,941
4.19
History
Nov 11, 2009
Civil War Battle Casualties
3,007
4.26
History
Nov 11, 2009
Maryland County Seats
1,395
3.80
Geography
Nov 13, 2009
Order of the Catholic Mass
722
5.00
Religion
Dec 18, 2010
Go to Creator's Profile
Score Distribution
Quiz Creator Spotlight
Scyphus
Follow
Send a Message
Quizzes Created
-
Created Quiz Play Count
-
More By This Creator
Popular Quizzes Today
1
Colored Red Africa Blitz
2
Find the US States - No Outlines Minefield
3
Find the 'City' Movie
4
5x2 Blitz: Bands
5
The Countries of the World
6
Find the Countries of Europe - No Outlines Minefield
7
Find the US States
8
US States
More Literature Quizzes
20th Century Literature Characters Match-Up
Published
Trending Quizzes
Colored Red Europe Blitz I
Colored Red Europe Blitz II
Colored Red Africa Blitz II
Colored Red Europe Blitz III
Colored Red Africa Blitz III
Recently Updated
How Do You Spell That?
pecheneg
Godzilla Movies
pecheneg
Grab Bag: 4-10 Letters
pecheneg
2024 March Madness Bracket
pecheneg
Famous TV Couples
Peacemaker
Champions League XIs: Real Madrid
pecheneg
Largest US Cities 1790-2010
pecheneg
Rides in Walt Disney World
pecheneg
Most Oscar Losses (Acting)
pecheneg
Beyoncé Albums
pecheneg
Trending Topics
Marvel
Kpop
Anime
NBA
Harry Potter
Crossword
Disney
Song
Pokémon
Puzzle
WWE
NFL
Soccer
The Office
Country
Your Account Isn't Verified!
In order to create a playlist on Sporcle, you need to verify the email address you used during registration. Go to your
Sporcle Settings
to finish the process.
Report this User
Report this user for behavior that violates our
Community Guidelines
.
Details:
Send Report
Go to the Sporcle.com Mobile Site →
Comments